Top 10 țări care produc cel mai mult vin - Sudden Death - Statistics

General Stats
  • This quiz has been taken 3 times
  • The average score is 5 of 10
Answers on the Grid
Answers color-coded by a green-red scale on the quiz's grid according to % correct below.
Grecia
Austria
Luxemburg
Italia
Franța
Andorra
Olanda
Elveția
Ungaria
Spania
China
Statele Unite
Australia
Argentina
România
Bulgaria
Africa de Sud
Chile
India
Columbia
Costa Rica
Portugalia
Thailanda
Noua Zeelandă
Japonia
 
Answer Stats
Answer % Correct
Franța
100%
Italia
100%
Spania
100%
Australia
50%
China
50%
Portugalia
50%
Statele Unite
50%
Africa de Sud
0%
Argentina
0%
Chile
0%
No matching quizzes found
Score Distribution
Percent of People with Each Score
Percentile by Number Answered
Your Score History
You have not taken this quiz